Creo en esto / (Record no. 2685)

000 -CABECERA
fixed length control field 00939nam a22002057a 4500
003 - IDENTIFICADOR DEL NÚMERO DE CONTROL
control field AR-CdUCM
008 - DATOS DE LONGITUD FIJA--INFORMACIÓN GENERAL
fixed length control field 190305b ||||| |||| 00| 0 spa d
040 ## - FUENTE DE LA CATALOGACIÓN
Agencia/entidad que catalogó originalmente la obra MUNICIPALIDAD PROVINCIAL DEL CUSCO
Entidad que transcribió la catalogación BIBLIOTECA MUNICIPAL DEL CUSCO
082 ## - NÚMERO DE LA CLASIFICACIÓN DECIMAL DEWEY
No. de Clasificación 321.4 /
Notacion interna L63
100 ## - ENTRADA PRINCIPAL--NOMBRE DE PERSONA
Nombre Personal Lilienthal, David E.
245 ## - MENCIÓN DE TÍTULO
Título Creo en esto /
260 ## - PUBLICACIÓN, DISTRIBUCIÓN, ETC.
Lugar de publicación, distribución, etc. Barcelona :
Nombre de la editorial, distribuidor, etc. Hispana - Europa,
Fecha de publicación, distribución, etc. 1957.
300 ## - DESCRIPCIÓN FÍSICA
Nº de Páginas Extensión 187 páginas ;
Dimensiones 21 cm.
440 ## - MENCIÓN DE SERIE/PUNTO DE ACCESO ADICIONAL--TÍTULO
Título Colección Galileo.
Número de la parte/sección de una obra Serie A.
-- Grandes temas, técnicas y problemas de nuestro tiempo.
9 (RLIN) 9429
505 ## - NOTA DE CONTENIDO CON FORMATO
Nota de contenido formateada Contenido: La libertad y el temor -- Los fundamentos de la vitalidad americana son éticos y espirituales -- Progreso material más libertad -- Hay que hallar nuevas formas al esfuerzo cooperativo -- La ciencia, la tecnología y el espíritu humano -- Sentido de unidad en la era de la especialización ...
650 ## - PUNTO DE ACCESO ADICIONAL DE MATERIA--TÉRMINO DE MATERIA
Descriptor Democracia
9 (RLIN) 2598
942 ## - ELEMENTOS DE PUNTO DE ACCESO ADICIONAL (KOHA)
Fuente de clasificación
Tipo de item Libros-BMC
945 ## - PROCESAMIENTO DE INFORMACIÓN LOCAL (OCLC)
Catalogador zta
Holdings
Estado de retiro (separado) Fuente de clasificación o esquema de estanterías Estado dañado Ubicación Sala donde se ubica Nombre de la colección Fecha de adquisición o compra Costo, precio normal en soles Signatura topográfica Código de Barras Última vez visto (Koha) Tipo de ítem (Koha)
No     Sala Humanidades Sala Humanidades Book Cart 2019-03-05 28.00 321.4 / L63 SH0000003204 2019-03-05 Libros-BMC

Powered by Koha